The hunter and the trap, (Запис № 509650)

МАРК-запис
000 -LEADER
fixed length control field 01175cam a22002771 4500
001 - CONTROL NUMBER
control field huntertrap00fast
003 - CONTROL NUMBER IDENTIFIER
control field CaSfIA
005 - DATE AND TIME OF LATEST TRANSACTION
control field 20210118101830.0
007 - PHYSICAL DESCRIPTION FIXED FIELD--GENERAL INFORMATION
fixed length control field cr||||
005 - DATE AND TIME OF LATEST TRANSACTION
control field 20060503125715.0
008 - FIXED-LENGTH DATA ELEMENTS--GENERAL INFORMATION
fixed length control field 750415s1967 nyu 000 1 eng
035 ## - SYSTEM CONTROL NUMBER
-- (DLC) 67016536
010 ## - LIBRARY OF CONGRESS CONTROL NUMBER
LC control number 67016536
035 ## - SYSTEM CONTROL NUMBER
System control number (OCoLC)1277674
040 ## - CATALOGING SOURCE
Original cataloging agency DLC
Transcribing agency FM
Modifying agency OCoLC
-- DLC
-- CaSfIA
050 00 - LIBRARY OF CONGRESS CALL NUMBER
Classification number PZ3.F265
Item number Hu
Classification number PS3511.A784
100 1# - MAIN ENTRY--PERSONAL NAME
Personal name Fast, Howard,
Dates associated with a name 1914-2003.
245 14 - TITLE STATEMENT
Title The hunter and the trap,
Medium [electronic resource]
Statement of responsibility, etc by Howard Fast.
260 ## - PUBLICATION, DISTRIBUTION, ETC. (IMPRINT)
Place of publication, distribution, etc New York,
Name of publisher, distributor, etc Dial Press
Date of publication, distribution, etc 1967.
300 ## - PHYSICAL DESCRIPTION
Extent 214 p.
Dimensions 22 cm.
506 ## - RESTRICTIONS ON ACCESS NOTE
Standardized terminology for access restriction Необхідна авторизація на https://archive.org/ (створення облікового запису безкоштовно)
506 ## - RESTRICTIONS ON ACCESS NOTE
Standardized terminology for access restriction Необхідна авторизація на https://openlibrary.org/ (створення облікового запису безкоштовно)
856 41 - ELECTRONIC LOCATION AND ACCESS
Uniform Resource Identifier <a href="http://www.archive.org/details/huntertrap00fast">http://www.archive.org/details/huntertrap00fast</a>
Public note Free eBook from the Internet Archive
856 42 - ELECTRONIC LOCATION AND ACCESS
Uniform Resource Identifier <a href="http://www.openlibrary.org/books/OL5539179M">http://www.openlibrary.org/books/OL5539179M</a>
Public note Additional information and access via Open Library
942 ## - ADDED ENTRY ELEMENTS (KOHA)
Koha item type ЕКнига

Немає доступних примірників.